000 00362 a2200157 4500
001 74995
020 _a97885130068493
040 _cAnchieta - Colégio São Paulo
100 _aMaria Raquel Apolinário
240 1 0 _aAraribá História
_lpor
245 1 0 _aAraribá História
300 _a248
362 0 _a2010
650 4 _aHistória do mundo
942 _cBK
999 _c74995
_d74995